Dejiny Slovenska

Podrobná bibliografia
Hlavný autor: Kováč, Dušan, 1942- (Autor)
Médium: Kniha
Jazyk:slovenčina
Vydavateľské údaje: Praha Nakladatelství Lidové noviny 2002
ISBN:8071066354
Vydanie:2. vyd.

MARC

LEADER 00000nam a2200000 a 4500
001 vtls001467157
003 SK-MaSNL
005 20260301121825.0
008 240314s2002 xo 0 slo
020 |a 8071066354 
035 |a SNK000422462 
040 |a SNK  |b slo  |c SNK  |e AACR2 
041 0 |a slo 
044 |a xo  |c SK 
100 1 |a Kováč, Dušan,  |d 1942-  |4 aut  |9 88196 
245 1 0 |a Dejiny Slovenska 
250 |a 2. vyd. 
260 |a Praha  |b Nakladatelství Lidové noviny  |c 2002 
919 |a 80-7106-635-4 
958 |a OND 
999 |c 730739  |d 732669 
952 |a SNK  |b SNK  |y VYP  |7 0  |p 17A0398459  |o snkSC 114443 D1  |i snkK 323/2003  |8 3  |0 0  |1 0  |4 0  |d 2004-01-28  |l 0  |r 2005-01-02 00:00:00  |w 2026-02-23